000 02966cam a22005534i 4500
003 PE-LiUPU
005 20250731173007.0
008 150616s1959 xxua r 000 0 spa d
035 _a(Sirsi) a2210
040 _aPE-LiUPU
_bspa
_cPE-LiUPU
_erda
049 _aPRUA
082 0 4 _a266.009
_bE42
_221
100 1 _aElliot, Elisabet,
_eautor.
245 1 0 _aPortales de esplendor /
_cElisabet Elliot.
264 1 _aUnited States of America :
_bEditorial Moody,
_c1959.
300 _a271 páginas :
_bilustraciones ;
_c18 centímetros
336 _atext
_2rdacontent
337 _aunmediated
_2rdamedia
338 _avolume
_2rdacarrier
505 0 _a"No me atrevo a quedarme en casa" -- Destino: shandia -- "A todos me he hecho todo" -- Infinita adaptabilidad -- "A disposición de Dios" -- Misionero a los Jíbaros reducidores de cabezas -- Quebrando las barreras de la selva -- Los Aucas -- Septiembre de 1955 -- Comienza la operación Auca -- Una línea entre el avión y el suelo -- Los salvajes responden -- En busca del "Palm Beach" -- Un Auca en el sendero -- ¿Por qué fueron los hombres? -- "Salimos, pero no solos" -- Exito el viernes -- Silencio -- "Y no nos hemos olvidado de ti".
526 _aSEG42
526 _aSEG41
526 _aSEG40
526 _aSEG39
526 _aP94
526 _aP87
526 _aP86
526 _aP85
526 _aP77
526 _aP76
526 _aP35
650 0 4 _aMisioneros
_xIglesias.
910 _ajck
_bjvq
_cjck
910 _adbm
_bjpc
_cjpc
_d20190520
942 _2ddc
_cBOOK
994 _aC0
_bPEPRU
596 _a1 3
999 _a266.009 E42
_wDEWEY
_c22635
_i07451
_d22635
_e2016-10-28
_f2021-11-12
_g6
_lCCODEBUL1
_mBUL
_n1
_p10.00
_q1
_r0
_sY
_tBOOK
_u2015-4-23
_xTEOLOGIA
_PP35
_0COMPRA
_o.STAFF. Colección Teología
999 _a266.009 E42
_wDEWEY
_c2
_i07453
_d2017-2-14
_f2021-11-10
_g6
_lCCODEBUL1
_mBUL
_p15.00
_q1
_r0
_sY
_tBOOK
_u2015-4-23
_xTEOLOGIA
_PP35
_0COMPRA
_o.STAFF. Colección Teología
999 _a266.009 E42
_wDEWEY
_c3
_i13117
_d2017-2-14
_f2021-11-10
_g6
_lCCODEBUL1
_mBUL
_p15.00
_q1
_r0
_sY
_tBOOK
_u2015-4-23
_xTEOLOGIA
_PP35
_0COMPRA
_o.STAFF. Colección Teología
999 _a266.009 E42
_wDEWEY
_c4
_i07452
_d2017-2-14
_f2021-11-10
_g6
_lCCODEBUL1
_mBUL
_p15.00
_q1
_r0
_sY
_tBOOK
_u2015-4-23
_xTEOLOGIA
_PP35
_0COMPRA
_o.STAFF. Colección Teología
999 _a266.009 E46 1959
_wDEWEY
_c1
_iFJ12750
_d2019-3-13
_f2022-2-4
_g2
_lCCODEBUJ1
_mBUJ
_p20.00
_q1
_r0
_sY
_tBOOK
_u2019-3-8
_xEDUCACION
_PP14
_0COMPRA
_o.STAFF. Colección General Juliaca
999 _a266.009 E46 1959
_wDEWEY
_c2
_iFJ12751
_d2019-3-13
_f2022-2-4
_g2
_lCCODEBUJ1
_mBUJ
_p20.00
_q1
_r0
_sY
_tBOOK
_u2019-3-8
_xEDUCACION
_PP14
_0COMPRA
_o.STAFF. Colección General Juliaca
980 _81
_gALBERTO SANCHEZ Responsable de Automatización